LEADER 01041nam a2200265 i 4500 001 000000142386 003 CaOOAMICUS 005 20050902000000.0 008 050902s1997 it u000 u ita u 013 $a117694 020 $a88-15-06099-5 040 $aSeMil$bita 100 1 $aSciolla, Loredana.$0(OLS)http://semarc/name/57071 245 10$aItaliani. Stereotipi di casa nostra /$cLoredana Sciolla. 260 $aBologna :$bIl Mulino,$cCopyr. 1997. 300 $a93 p. ;$c18 cm. 490 0 $aIl Mulino. Tendenze ;$v18. 650 4$aSocietà - Italia.$0(OLS)http://semarc/subject/8087 830 3$aIl Mulino. Tendenze ;$v18.$0(OLS)http://semarc/title/18731 850 $aSeMil 852 $aSeMil$W1$xVenegono$y1$m3N I 546$j95560$B95560$CSeMilBibl$Z2$F102438 $81 961 $aOmaggio: Bressan don Luca 996 $6020$a88-15-06099-5$9(OLS)http://semarc/number/130699 996 $6245$aItaliani. Stereotipi di casa nostra$9(OLS)http://semarc/title/208260 996 $6260$aBologna :$bIl Mulino$9(OLS)http://semarc/publisher/29842 LEADER 01140nam a2200277 i 4500 001 000000171464 003 CaOOAMICUS 005 20080519000000.0 008 080519s1970 it u000 u ita u 013 $a148895 040 $aSeMil$bita 100 1 $aSordi, Italo.$0(OLS)http://semarc/name/63091 240 00$aChe cosa ha veramente detto.$0(OLS)http://semarc/title/245294 245 10$aChe cosa ha veramente detto Maometto /$cI. Sordi. 260 $aRoma :$bUbaldini,$ccopyr. 1970. 300 $a194 p. ;$c19 cm. 490 0 $aChe cosa hanno veramente detto [Ubaldini]$ ;$v29. 500 $aContiene : Bibliografia. - Fondo Card. Giovanni Colombo. 600 04$aMaometto .$0(OLS)http://semarc/subject/4848 830 0$aChe cosa hanno veramente detto ;$v29.$0(OLS)http://semarc/title/17477 850 $aSeMil 852 $aSeMil$W1$xVenegono$y1$m1D I 201$j122333$B122333$CSeMilBibl$Z2$F134166 $81 941 1 $a3 961 $aLascito: Colombo Card. Giovanni 996 $6245$aChe cosa ha veramente detto Maometto$9(OLS)http://semarc/title/245295 996 $6260$aRoma :$bUbaldini$9(OLS)http://semarc/publisher/31419